| 000 | 00960cam a22002895a 4500 | ||
|---|---|---|---|
| 001 | 15930810 | ||
| 005 | 20151028110314.0 | ||
| 008 | 091002t2010 enka frb 001 0 eng d | ||
| 020 | _a9781412931212 (cloth) | ||
| 020 | _a9781412931229 (paper) | ||
| 040 |
_aDLC _cDLC _beng _dEG-ScBUE |
||
| 082 | 0 | 4 |
_a658.812 _bBAR _222 |
| 100 | 1 |
_aBaron, Steve _q(J. Steve) _938591 |
|
| 245 | 1 | 0 |
_aRelationship marketing : _ba consumer experience approach / _cSteve Baron, Tony Conway, Gary Warnaby. |
| 260 |
_aLondon : _bSage Publications Inc., _cc.2010. |
||
| 300 |
_aviii, 202 p. : _bill. ; _c24 cm. |
||
| 490 | 0 | _aAdvanced marketing series | |
| 500 | _aIndex : p. 198-202. | ||
| 504 | _aIncludes bibliographical references. | ||
| 650 | 0 |
_aRelationship marketing. _2BUEsh |
|
| 650 | 0 |
_aCustomer relations. _2BUEsh |
|
| 651 | _2BUEsh | ||
| 653 |
_bCOMAME _cJune2015 _cOctober2015 |
||
| 700 | 1 | _aConway, Tony. | |
| 700 | 1 | _aWarnaby, Gary. | |
| 942 |
_2ddc _k658.812 BAR |
||
| 999 |
_c19687 _d19659 |
||